00245nam a2200109Ia 4500100001900000250001700019942000700036245003000043260003200073082001100105999001900116 aJeffrey Bartee a2nd Ed. 2000 cBK afundamentals of Computers aAddison Wesley Longman Pub. a5bJEF c423360d423360